[Event "EU-chT Seniors 05th"]
[Site "Dresden"]
[Date "2003.02.27"]
[Round "5.4"]
[White "Reinholz, Siegfried"]
[Black "Wieckowski, Ryszard"]
[Result "1-0"]
[WhiteElo "1901"]
[BlackElo "1929"]
[PlyCount "93"]
[EventDate "2003.02.23"]
[EventType "team-swiss"]
[EventRounds "7"]
[EventCountry "GER"]
[SourceTitle "EXT 2005"]
[Source "ChessBase"]
[SourceDate "2004.11.15"]
[SourceVersion "1"]
[SourceVersionDate "2004.11.15"]
[SourceQuality "1"]

1. e4 c5 2. Nf3 d6 3. d4 cxd4 4. Qxd4 Nc6 5. Bb5 Bd7 6. Bxc6 Bxc6 7. c4 Nf6 8. Nc3 e5 9. Qd3 Be7 10. 0-0 h6 11. Be3 0-0 12. Rad1 a6 13. a4 Qd7 14. b3 Qg4 15. Nd2 Qd7 16. h3 Qc7 17. Rc1 Rac8 18. Nf3 Qd7 19. Rfd1 Qc7 20. Nh2 Rfd8 21. f3 Rb8 22. Nf1 Qa5 23. Ng3 Bd7 24. Qd2 Kh7 25. Qf2 b5 26. Bd2 Qb6 27. Qxb6 Rxb6 28. cxb5 axb5 29. a5 Ra6 30. b4 Rc8 31. Nd5 Nxd5 32. Rxc8 Bxc8 33. exd5 Bb7 34. Nf5 Bf8 35. Ne3 f5 36. Be1 Kg6 37. Nc2 Bc8 38. Na3 Bd7 39. Rc1 Ra7 40. Bf2 Rb7 41. a6 Rb8 42. a7 Ra8 43. Rc7 Bc8 44. Nxb5 Ba6 45. Nc3 Kf6 46. b5 Bc8 47. b6 1-0

[Event "EU-chT Seniors 05th"]
[Site "Dresden"]
[Date "2003.02.26"]
[Round "4.4"]
[White "Neudel, Bernd"]
[Black "Wieckowski, Ryszard"]
[Result "1-0"]
[WhiteElo "1776"]
[BlackElo "1929"]
[PlyCount "85"]
[EventDate "2003.02.23"]
[EventType "team-swiss"]
[EventRounds "7"]
[EventCountry "GER"]
[SourceTitle "EXT 2005"]
[Source "ChessBase"]
[SourceDate "2004.11.15"]
[SourceVersion "1"]
[SourceVersionDate "2004.11.15"]
[SourceQuality "1"]

1. d4 d5 2. c4 e6 3. Nc3 Nf6 4. Nf3 Be7 5. Bg5 Nbd7 6. e3 h6 7. Bh4 0-0 8. Be2 dxc4 9. Bxc4 c6 10. 0-0 b5 11. Bd3 a5 12. h3 Bb7 13. Rc1 Rc8 14. Qe2 Nd5 15. Bg3 Nxc3 16. Rxc3 b4 17. Rc2 c5 18. Rfc1 Qb6 19. b3 Bd6 20. Bb5 Bxg3 21. Bxd7 Ba6 22. Qe1 Rc7 23. dxc5 Qa7 24. c6 Bd6 25. Qd2 Be7 26. Qd4 Qa8 27. Qb6 Bd8 28. Qc5 Bc8 29. Qd6 Qa6 30. Bxc8 Qxc8 31. Nd4 Qb8 32. Qc5 Ra7 33. Nb5 Bb6 34. Qc4 Ra8 35. c7 Bxc7 36. Nxc7 Ra7 37. Nb5 Rb7 38. Nd4 Qa8 39. Qc6 Qb8 40. Rc5 Ra7 41. Qb5 Qa8 42. Nc6 Ra6 43. Ne7+ 1-0

[Event "EU-chT Seniors 03rd"]
[Site "Dresden"]
[Date "2001.03.01"]
[Round "5.4"]
[White "Wieckowski, Ryszard"]
[Black "Lenk, Wolfgang"]
[Result "0-1"]
[WhiteElo "1930"]
[BlackElo "2059"]
[PlyCount "62"]
[EventDate "2001.02.26"]
[EventType "team-swiss"]
[EventRounds "7"]
[EventCountry "GER"]
[SourceTitle "EXT 2005"]
[Source "ChessBase"]
[SourceDate "2004.11.15"]
[SourceVersion "1"]
[SourceVersionDate "2004.11.15"]
[SourceQuality "1"]

1. c4 Nf6 2. Nc3 g6 3. g3 Bg7 4. Bg2 0-0 5. e3 d6 6. Nge2 Nc6 7. 0-0 e5 8. b3 Re8 9. Bb2 Bf5 10. d3 Qd7 11. Re1 Nb4 12. e4 Bh3 13. a3 Bxg2 14. Kxg2 Nc6 15. Nd5 Nxd5 16. cxd5 Ne7 17. f4 f5 18. fxe5 dxe5 19. Ng1 c6 20. dxc6 Nxc6 21. Nf3 Rad8 22. exf5 gxf5 23. Rb1 Qxd3 24. Qxd3 Rxd3 25. Ba1 e4 26. Nh4 Bxa1 27. Rxa1 Nd4 28. Red1 Nc2 29. Nxf5 Nxa1 30. Rxa1 Rxb3 31. h4 e3 0-1

[Event "EU-chT Seniors 02nd"]
[Site "Dresden"]
[Date "2000.03.08"]
[Round "7.4"]
[White "Wieckowski, Ryszard"]
[Black "Zanger, Konrad"]
[Result "1/2-1/2"]
[WhiteElo "2000"]
[BlackElo "1715"]
[PlyCount "88"]
[EventDate "2000.03.01"]
[EventType "team-swiss"]
[EventRounds "7"]
[EventCountry "GER"]
[SourceTitle "EXT 2005"]
[Source "ChessBase"]
[SourceDate "2004.11.15"]
[SourceVersion "1"]
[SourceVersionDate "2004.11.15"]
[SourceQuality "1"]

1. c4 c5 2. Nc3 Nc6 3. g3 g6 4. Bg2 Bg7 5. e3 Nf6 6. Nge2 0-0 7. 0-0 d6 8. a3 Rb8 9. d4 cxd4 10. Nxd4 Bd7 11. Re1 a6 12. Qe2 Re8 13. Bd2 Nh5 14. Nxc6 Bxc6 15. e4 Nf6 16. b4 Rc8 17. Rac1 h6 18. Nd5 Kh7 19. Bc3 Nxd5 20. exd5 Bd7 21. Bxg7 Kxg7 22. Qe3 a5 23. c5 axb4 24. axb4 Qc7 25. c6 bxc6 26. dxc6 Be6 27. b5 Rb8 28. Bf1 Rec8 29. Ra1 Rb6 30. Ra3 Rbb8 31. Ra7 Qb6 32. Qc3+ Kg8 33. Rea1 Rc7 34. R7a6 Qc5 35. Qa5 Rcc8 36. Ra7 Bc4 37. Rc7 Bxf1 38. Rxc8+ Rxc8 39. Rxf1 Kg7 40. Rb1 e5 41. Qd2 Rb8 42. Rc1 Qxb5 43. Qxd6 Qb2 44. Re1 Rc8 1/2-1/2

[Event "EU-chT Seniors 02nd"]
[Site "Dresden"]
[Date "2000.03.01"]
[Round "1.4"]
[White "Neudel, Bernd"]
[Black "Wieckowski, Ryszard"]
[Result "1/2-1/2"]
[WhiteElo "1786"]
[BlackElo "2000"]
[PlyCount "51"]
[EventDate "2000.03.01"]
[EventType "team-swiss"]
[EventRounds "7"]
[EventCountry "GER"]
[SourceTitle "EXT 2005"]
[Source "ChessBase"]
[SourceDate "2004.11.15"]
[SourceVersion "1"]
[SourceVersionDate "2004.11.15"]
[SourceQuality "1"]

1. d4 Nf6 2. c4 e6 3. Nc3 d5 4. Nf3 Be7 5. Bf4 0-0 6. e3 Nbd7 7. Bd3 a6 8. a4 c6 9. 0-0 Nh5 10. Ne2 dxc4 11. Bxc4 Nb6 12. Bd3 Nd5 13. Bg3 Nxg3 14. Nxg3 g6 15. Ne2 Bf6 16. Qd2 Bd7 17. Rfd1 b5 18. b3 c5 19. axb5 cxd4 20. e4 Nc3 21. Nxc3 dxc3 22. Qc2 axb5 23. e5 Bg7 24. Qxc3 Rxa1 25. Rxa1 Qb6 26. Re1 1/2-1/2